Language Teacher Education in a Multilingual Context : Experiences from Hong Kong /

Aunque este libro podría usarse para la formación de cualquier profesor de lenguas que enfrenta la diversidad cultural desde su propia identificación social y profesional, distinta al idioma oficial o normalizado en que debe impartir sus clases, la presente obra está dirigida al caso de los maestros...

Descripción completa

Guardado en:
Detalles Bibliográficos
Autor principal: Trent, John (autor)
Otros autores: Gao, Xuesong (autor) (autor), Gu, Mingyue (autor) (autor)
Formato: Libro
Idioma:Inglés
Publicado: Dordrecht, Holanda : Springer, 2014, c2014
Colección:(Multilingual Education ; 6)
Temas:
Acceso en línea:Ver documento en línea
Etiquetas: Agrega una etiqueta
Sin etiquetas, Sé el primero en etiquetar este registro!

MARC

LEADER 00000nam^a2200000^a^4500
001 000430362
005 20251023000000.0
009 20260310122921.695
020 |a 978-94-007-7392-9 
037 |a Acervo ITESO - Biblioteca 
041 |a ING 
082 |a 425.  |b TRE 
100 |a Trent, John  |e (autor) 
245 1 0 |a Language Teacher Education in a Multilingual Context :  |b Experiences from Hong Kong /  |c J. Trent, X. Gao, M. Gu. 
264 4 |a Dordrecht, Holanda :  |b Springer,  |c 2014, c2014 
264 2 |a Cham, Suiza :  |b Springer Link [distribución],  |c 2014 
300 |a 1 libro electrónico en línea (X, 196 p.) 
300 |a 1 recurso en línea 
336 |a datos para computadora  |b cod  |2 rdacontenido 
337 |a computadora  |b c  |2 rdamedio 
338 |a recurso en línea  |b cr  |2 rdasoporte 
440 1 |a (Multilingual Education ;  |v 6) 
506 0 |a Licencias ilimitadas 
520 |a Aunque este libro podría usarse para la formación de cualquier profesor de lenguas que enfrenta la diversidad cultural desde su propia identificación social y profesional, distinta al idioma oficial o normalizado en que debe impartir sus clases, la presente obra está dirigida al caso de los maestros de inglés en Hong Kong quienes, al menos, lidian con estudiantes que hablan cantonés o chino mandarín (con sus variadas fonéticas) y lo conservan como un elemento importante de su identidad. En vista de que los educadores pueden provenir de la misma región, de China continental o de países occidentales y se enfrentan a un escenario multilingüe, en esta obra se ofrecen estudios sobre los retos de la enseñanza del idioma extranjero en condiciones complejas. 
649 |a XX 
650 |a Profesores -  |z Hong Kong, China -  |x Condiciones Sociales y Culturales -  |x Tema Principal 
650 |a Inglés como Lengua Extranjera -  |z Hong Kong, China -  |x Estudio y Enseñanza -  |x Tema Principal 
650 |a Inglés -  |x Estudio y Enseñanza 
650 |a Identidad Cultural -  |z Hong Kong, China 
650 |a Diversidad Cultural -  |z Hong Kong, China 
650 |a Representación Social -  |z Hong Kong, China 
650 |a Formación y Capacitación de Profesores -  |z Hong Kong, China -  |x Tema Principal 
650 |a Política Educativa -  |z Hong Kong, China 
650 |a Política Lingüística -  |z Hong Kong, China 
650 |a Política Cultural -  |z Hong Kong, China 
650 |a Educación Intercultural -  |z Hong Kong, China 
650 |a Educación y Sociedad -  |z Hong Kong, China 
700 |a Gao, Xuesong  |e (autor) 
700 |a Gu, Mingyue  |e (autor) 
856 4 0 |u https://link-springer-com.ezproxy.iteso.mx/10.1007/978-94-007-7392-9  |y Ver documento en línea 
910 |a Fondo General 
920 |a Electrónicos - Libros en Línea 
930 |a Plataforma Digital 
905 |a 205 
901 |a 430362-1  |b IT2  |c EBO  |i C172346  |u 20250521 
902 |a https://opac.biblio.iteso.mx/vufind/Record/000430362